000 00442nam a2200169Ia 4500
005 20250508150432.0
008 008 250505s9999 xx 000 0 eng d
037 _aTextual
040 _aFEDL
_beng
_cFEDL
041 _aeng
_2eng
084 _a954.02, GRI
_qFEDL
100 _aHunter William Wilson Ed.
_9756691
245 0 _aRulers of India
300 _a219p.
942 _cTEXL
_h954.02, GRI
999 _c1323629
_d1323629